Discrete Mathematics and Its Applications with Combinatorics and Graph Theory (7th Edition) (Record no. 531220)
[ view plain ]
| 000 -LEADER | |
|---|---|
| fixed length control field | 00405nam a2200133Ia 4500 |
| 008 - FIXED-LENGTH DATA ELEMENTS--GENERAL INFORMATION | |
| fixed length control field | 191014s9999 xx 000 0 und d |
| 020 ## - INTERNATIONAL STANDARD BOOK NUMBER | |
| International Standard Book Number | 978-0-07-0688188-0 |
| 082 ## - DEWEY DECIMAL CLASSIFICATION NUMBER | |
| Classification number | 511 |
| Author Mark | ROS |
| 100 ## - MAIN ENTRY--PERSONAL NAME | |
| Personal name | Kenneth H Rosen |
| 9 (RLIN) | 10599 |
| 245 #0 - TITLE STATEMENT | |
| Title | Discrete Mathematics and Its Applications with Combinatorics and Graph Theory (7th Edition) |
| 260 ## - PUBLICATION, DISTRIBUTION, ETC. | |
| Place of publication, distribution, etc. | India |
| Name of publisher, distributor, etc. | Mc Graw Hill |
| Date of publication, distribution, etc. | 2013 |
| 300 ## - PHYSICAL DESCRIPTION | |
| Extent | Xxviii,843 |
| 942 ## - ADDED ENTRY ELEMENTS (KOHA) | |
| Koha item type | Book |
| Withdrawn status | Lost status | Damaged status | Not for loan | Permanent Location | Current Location | Date acquired | Source of acquisition | Cost, normal purchase price | Total Checkouts | Full call number | Barcode | Date last seen | Price effective from | Koha item type |
|---|---|---|---|---|---|---|---|---|---|---|---|---|---|---|
| School of Natural Sciences (SNS) | School of Natural Sciences (SNS) | 10/15/2019 | Donation | 0.00 | 511ROS | SNS0002997 | 10/15/2019 | 10/15/2019 | Book |
